• 首页
  • 本馆介绍
  • 公告通知
  • 最新文献
  • 馆藏检索
  • 电子资源
  • 读者导购
  • 参考咨询
  • 我的图书馆
  • 登录
  • 详细信息显示
  • 放入我的书架
  • 预约/预借图书
  • 作者相关作品
  • 分类相关作品
  • 丛书相关作品
  • 出版社相关作品

书目信息

  • 表格格式
  • 工作单格式
  • 卡片格式
题名:
烘焙玉米秸杆燃烧特性基础研究
    
 
作者: 赵丽霞 , 杨诺君 著
分册:  
出版信息: 北京   中国石化出版社  2019
页数: 109页
开本: 24cm
丛书名:
单 册:
中图分类: S816.5
科图分类:
主题词: 玉米秸--燃烧性能--研究
电子资源:
ISBN: 978-7-5114-5561-1
000 01169nam0 2200241 450
001 2373809893
005 20231124203024.88
010    @a978-7-5114-5561-1@dCNY45.00
100    @a20201106d2019 em y0chiy50 ea
101 0  @achi
102    @aCN@b110000
105    @aa z 000yy
106    @ar
200 1  @a烘焙玉米秸杆燃烧特性基础研究@9hong bei yu mi jie gan ran shao te xing ji chu yan jiu@f赵丽霞,杨诺君著
210    @a北京@c中国石化出版社@d2019
215    @a109页@c图@d24cm
330    @a本书以烘焙玉米秸秆为研究对象,用三种不同的方法对不同升温速率下的热重曲线进行了燃烧过程动力学分析,并建立了燃烧动力学模型;利用FTIR、XPS对烘焙的玉米秸秆表面含氧官能团的赋存状态及燃烧过程中的含氧官能团的演化特性进行进一步的研究,对反应前后表面含氧官能团的变化做定性及定量的分析;研究了烘焙的玉米秸秆组成结构用以探究其燃烧过程中反应机制和含氧官能团变化规律,再从微观层面上考察烘焙玉米秸秆燃烧过程中产生的物质组成及化学结构方面的变化,从而揭示了对其燃烧反应机理等方面的影响。
606 0  @a玉米秸@x燃烧性能@x研究
690    @aS816.5@v5
701  0 @a赵丽霞@9zhao li xia@4著
701  0 @a杨诺君@9yang nuo jun@4著
801  0 @aCN@b山东中教@c20210129
905    @aBZT@dS816.5@e1
    
    烘焙玉米秸杆燃烧特性基础研究/赵丽霞,杨诺君著.-北京:中国石化出版社,2019
    109页:图;24cm
    
    
    ISBN 978-7-5114-5561-1:CNY45.00
    本书以烘焙玉米秸秆为研究对象,用三种不同的方法对不同升温速率下的热重曲线进行了燃烧过程动力学分析,并建立了燃烧动力学模型;利用FTIR、XPS对烘焙的玉米秸秆表面含氧官能团的赋存状态及燃烧过程中的含氧官能团的演化特性进行进一步的研究,对反应前后表面含氧官能团的变化做定性及定量的分析;研究了烘焙的玉米秸秆组成结构用以探究其燃烧过程中反应机制和含氧官能团变化规律,再从微观层面上考察烘焙玉米秸秆燃烧过程中产生的物质组成及化学结构方面的变化,从而揭示了对其燃烧反应机理等方面的影响。
●
相关链接 在五车中查询图书 在当当中查询图书 在豆瓣中查询图书


正题名:烘焙玉米秸杆燃烧特性基础研究     索取号:S816.5/1         预约/预借

序号 登录号 条形码 馆藏地/架位号 状态 备注
1 2001048352   2001048352   中教第一批/山东中教(第一批)/683/ [索取号:S816.5/1] 在馆    
2 2001048353   2001048353   中教第一批/山东中教(第一批)/683/ [索取号:S816.5/1] 在馆    
3 2001048354   2001048354   中教第一批/山东中教(第一批)/683/ [索取号:S816.5/1] 在馆    
4 2001048355   2001048355   中教第一批/山东中教(第一批)/683/ [索取号:S816.5/1] 在馆    
山东省滨州职业学院图书馆 欢迎您!
大连网信软件有限公司© 版权所有